[Event "AUS-ch Major"]
[Site "Cammeray"]
[Date "2018.01.10"]
[Round "9"]
[White "Wu, Yifu"]
[Black "Talpade, Udit"]
[Result "0-1"]
[WhiteElo "1559"]
[BlackElo "1679"]
[PlyCount "80"]
[EventDate "2018.01.02"]
[EventType "swiss"]
[EventRounds "11"]
[EventCountry "AUS"]
[SourceTitle "CBM 182 Extra"]
[Source "ChessBase"]
[SourceDate "2018.02.23"]
[SourceVersion "1"]
[SourceVersionDate "2018.02.23"]
[SourceQuality "1"]

1. e4 c5 2. Nc3 e6 3. f4 d6 4. Nf3 a6 5. d4 cxd4 6. Qxd4 Nc6 7. Qf2 Nf6 8. a3 d5 9. exd5 Nxd5 10. Bd2 Nce7 11. Bd3 Qc7 12. 0-0 Nxc3 13. bxc3 Nd5 14. c4 Nxf4 15. Ng5 Nxd3 16. Qxf7+ Qxf7 17. Nxf7 Bc5+ 18. Kh1 Rf8 19. cxd3 Rxf7 20. Rxf7 Kxf7 21. Rf1+ Kg8 22. a4 Bd7 23. a5 Rf8 24. Rxf8+ Kxf8 25. h3 e5 26. Kh2 Ba4 27. Bc3 Bd4 28. Bb4+ Kf7 29. Kg3 Bc2 30. Kf3 Bxd3 31. c5 g6 32. g4 Ke6 33. h4 Kd5 34. h5 gxh5 35. gxh5 Bxc5 36. Bd2 e4+ 37. Kf4 e3 38. Be1 Kc4 39. Kf3 Bd4 40. Bg3 e2 0-1

[Event "AUS-ch Major"]
[Site "Cammeray"]
[Date "2018.01.09"]
[Round "8"]
[White "Farrell, Keith"]
[Black "Wu, Yifu"]
[Result "1/2-1/2"]
[WhiteElo "1577"]
[BlackElo "1559"]
[PlyCount "59"]
[EventDate "2018.01.02"]
[EventType "swiss"]
[EventRounds "11"]
[EventCountry "AUS"]
[SourceTitle "CBM 182 Extra"]
[Source "ChessBase"]
[SourceDate "2018.02.23"]
[SourceVersion "1"]
[SourceVersionDate "2018.02.23"]
[SourceQuality "1"]

1. e4 c5 2. Nf3 Nc6 3. d4 cxd4 4. Nxd4 g6 5. Bc4 Bg7 6. Nf3 Nf6 7. Nc3 0-0 8. 0-0 d6 9. Bg5 h6 10. Bh4 Bd7 11. Re1 Qc7 12. Bb3 g5 13. Bg3 Nh5 14. Qd2 Nxg3 15. hxg3 Na5 16. Nd5 Nxb3 17. Nxe7+ Kh8 18. axb3 Bxb2 19. Nd5 Qc5 20. Rab1 Bg7 21. Rbd1 Bc6 22. Ne7 Bc3 23. Qxd6 Qxd6 24. Rxd6 Bxe1 25. Rxh6+ Kg7 26. Nf5+ Kg8 27. Ne7+ Kg7 28. Nf5+ Kg8 29. Ne7+ Kg7 30. Nf5+ 1/2-1/2

[Event "AUS-ch Major"]
[Site "Cammeray"]
[Date "2018.01.04"]
[Round "4"]
[White "Ho, Lachlan"]
[Black "Wu, Yifu"]
[Result "0-1"]
[WhiteElo "1537"]
[BlackElo "1559"]
[PlyCount "140"]
[EventDate "2018.01.02"]
[EventType "swiss"]
[EventRounds "11"]
[EventCountry "AUS"]
[SourceTitle "CBM 182 Extra"]
[Source "ChessBase"]
[SourceDate "2018.02.23"]
[SourceVersion "1"]
[SourceVersionDate "2018.02.23"]
[SourceQuality "1"]

1. e4 c5 2. c3 d5 3. exd5 Qxd5 4. d4 Nc6 5. dxc5 Qxd1+ 6. Kxd1 e5 7. b4 Bf5 8. Nf3 0-0-0+ 9. Bd2 Nf6 10. Bc4 Ne4 11. Rf1 Rd7 12. Kc1 Nxd2 13. Nbxd2 g6 14. Ng5 Bh6 15. f4 exf4 16. Nxf7 Bg7 17. Nd6+ Rxd6 18. cxd6 Bxc3 19. Rb1 Bxb1 20. Nxb1 Bxb4 21. Rd1 Kd7 22. Nd2 Kxd6 23. Ne4+ Kc7 24. Kc2 Rd8 25. Rxd8 Kxd8 26. Bg8 h6 27. Bf7 Ne5 28. Bd5 b6 29. Kb3 Be7 30. Kc3 Bc5 31. Kb3 Kc7 32. Ka4 a6 33. Kb3 g5 34. Kc3 g4 35. Nd2 Kd6 36. Bb7 a5 37. Ne4+ Kc7 38. Bd5 f3 39. Nd2 f2 40. Nf1 b5 41. Bb3 a4 42. Bd1 b4+ 43. Kd2 b3 44. axb3 a3 45. Kc2 h5 46. h3 gxh3 47. gxh3 h4 48. Kb1 Kd6 49. Kc2 Bd4 50. Kb1 Nd3 51. Ka2 Bc5 52. Be2 Nc1+ 53. Kb1 a2+ 54. Kxc1 a1Q+ 55. Kd2 Qb2+ 56. Kd3 Qd4+ 57. Kc2 Bb4 58. Bc4 Qc3+ 59. Kd1 Ke5 60. Ke2 Qe1+ 61. Kf3 Qe4+ 62. Kxf2 Kf4 63. Be2 Bc5+ 64. Ke1 Qb1+ 65. Bd1 Bb4+ 66. Ke2 Qe4+ 67. Kf2 Bc5+ 68. Ne3 Qxe3+ 69. Kg2 Qf2+ 70. Kh1 Qg1# 0-1

[Event "AUS-ch U10"]
[Site "Wahroonga"]
[Date "2014.01.13"]
[Round "9"]
[White "Leibert, Xander"]
[Black "Wu, Yifu"]
[Result "1/2-1/2"]
[WhiteElo "730"]
[BlackElo "547"]
[PlyCount "142"]
[EventDate "2014.01.11"]
[EventType "swiss"]
[EventRounds "9"]
[EventCountry "AUS"]
[SourceTitle "EXT 2020"]
[Source "ChessBase"]
[SourceDate "2019.10.17"]
[SourceVersion "1"]
[SourceVersionDate "2019.10.17"]
[SourceQuality "1"]

1. e4 e6 2. d3 d5 3. Nd2 c5 4. Ngf3 Nc6 5. c3 Qb6 6. g3 Nf6 7. e5 Nd7 8. Qe2 g6 9. Bg2 Bg7 10. 0-0 Ndxe5 11. Nxe5 Nxe5 12. f4 c4+ 13. d4 Nc6 14. f5 Ne5 15. Kh1 Nd3 16. Rb1 Nxc1 17. Rfxc1 gxf5 18. Bxd5 0-0 19. Bg2 Bd7 20. Qxc4 Rac8 21. Qb3 Qxb3 22. Nxb3 Bc6 23. Bxc6 Rxc6 24. Rd1 Rd8 25. Rbc1 b5 26. Rd3 Ra6 27. a3 Rad6 28. Rcd1 e5 29. d5 e4 30. R3d2 Bh6 31. Rf2 Rxd5 32. Rxd5 Rxd5 33. Nd4 e3 34. Re2 f4 35. gxf4 Bxf4 36. Kg2 f5 37. Kf3 Bh6 38. Ne6 Rd2 39. Rxd2 exd2 40. Ke2 Kf7 41. Nc5 Ke7 42. Nb3 Kd6 43. Nxd2 Bxd2 44. Kxd2 Ke5 45. b3 f4 46. Ke2 Ke4 47. c4 bxc4 48. bxc4 f3+ 49. Kf2 Kd4 50. Kxf3 Kxc4 51. Ke3 Kb3 52. Kd3 a5 53. a4 Kxa4 54. Kc3 Ka3 55. Kc2 Kb4 56. Kb2 a4 57. h4 a3+ 58. Ka2 Kc3 59. Kxa3 Kd3 60. Kb3 Ke3 61. Kc3 Kf3 62. Kd3 Kg4 63. h5 Kxh5 64. Ke3 Kh4 65. Kf2 Kh3 66. Kg1 h5 67. Kh1 Kg3 68. Kg1 h4 69. Kh1 h3 70. Kg1 h2+ 71. Kh1 Kh3 1/2-1/2

[Event "AUS-ch U10"]
[Site "Wahroonga"]
[Date "2014.01.13"]
[Round "8"]
[White "Melamed, Daniel"]
[Black "Wu, Yifu"]
[Result "1-0"]
[WhiteElo "212"]
[BlackElo "547"]
[PlyCount "47"]
[EventDate "2014.01.11"]
[EventType "swiss"]
[EventRounds "9"]
[EventCountry "AUS"]
[SourceTitle "EXT 2020"]
[Source "ChessBase"]
[SourceDate "2019.10.17"]
[SourceVersion "1"]
[SourceVersionDate "2019.10.17"]
[SourceQuality "1"]

1. e4 e5 2. Nf3 Nc6 3. c3 Bc5 4. d4 exd4 5. cxd4 Bb4+ 6. Bd2 Bxd2+ 7. Qxd2 d5 8. e5 f6 9. Bb5 Bd7 10. exf6 Nxf6 11. Qe2+ Qe7 12. Qxe7+ Kxe7 13. 0-0 Kf7 14. Nc3 Rhe8 15. Rfe1 a6 16. Ba4 b5 17. Bb3 Be6 18. Ng5+ Kg6 19. Nxe6 b4 20. Nxd5 Nxd5 21. Bxd5 Rxe6 22. Rxe6+ Kf5 23. Bxc6 Kxe6 24. Bxa8 1-0

[Event "AUS-ch U10"]
[Site "Wahroonga"]
[Date "2014.01.13"]
[Round "7"]
[White "Shen, Kevin Zhenyu"]
[Black "Wu, Yifu"]
[Result "0-1"]
[WhiteElo "1137"]
[BlackElo "547"]
[PlyCount "122"]
[EventDate "2014.01.11"]
[EventType "swiss"]
[EventRounds "9"]
[EventCountry "AUS"]
[SourceTitle "EXT 2020"]
[Source "ChessBase"]
[SourceDate "2019.10.17"]
[SourceVersion "1"]
[SourceVersionDate "2019.10.17"]
[SourceQuality "1"]

1. d4 d5 2. c4 e6 3. Nc3 Nf6 4. Bg5 Nbd7 5. cxd5 exd5 6. e3 c6 7. Bd3 Bd6 8. Nge2 0-0 9. Qc2 Qc7 10. 0-0-0 b5 11. h4 h6 12. Bf4 Bxf4 13. Nxf4 b4 14. Nce2 a5 15. Rdg1 a4 16. Qb1 c5 17. Kd1 cxd4 18. Nxd4 Ne5 19. Qc2 Qxc2+ 20. Bxc2 Nfg4 21. Ke2 Nf6 22. f3 Re8 23. Bd3 Ba6 24. Bxa6 Rxa6 25. b3 axb3 26. axb3 Ra2+ 27. Kd1 Rea8 28. Ke1 Rb2 29. Nde2 Ra1+ 30. Kf2 Rxg1 31. Rxg1 Rxb3 32. Rd1 Rb2 33. Nxd5 Nxd5 34. Rxd5 f6 35. f4 Ng4+ 36. Kf3 Nh2+ 37. Kf2 b3 38. Rb5 Kf7 39. Ke1 Ng4 40. Nd4 Nxe3 41. Nxb3 Nxg2+ 42. Kf1 Nxh4 43. Rb7+ Kg6 44. Nc5 Rxb7 45. Nxb7 Kf5 46. Nc5 Kxf4 47. Ne6+ Kf5 48. Nxg7+ Kg6 49. Ne6 f5 50. Kf2 Kf6 51. Nf4 Kg5 52. Ne6+ Kg4 53. Nd4 f4 54. Ne6 Nf5 55. Nxf4 Kxf4 56. Kg2 h5 57. Kh1 Ng3+ 58. Kh2 h4 59. Kg2 Kg4 60. Kh2 h3 61. Kg1 Kf3 0-1

[Event "AUS-ch U10"]
[Site "Wahroonga"]
[Date "2014.01.11"]
[Round "2"]
[White "Yu, Bobby"]
[Black "Wu, Yifu"]
[Result "1-0"]
[WhiteElo "1626"]
[BlackElo "547"]
[PlyCount "61"]
[EventDate "2014.01.11"]
[EventType "swiss"]
[EventRounds "9"]
[EventCountry "AUS"]
[SourceTitle "EXT 2020"]
[Source "ChessBase"]
[SourceDate "2019.10.17"]
[SourceVersion "1"]
[SourceVersionDate "2019.10.17"]
[SourceQuality "1"]

1. d4 Nf6 2. c4 g6 3. Nc3 Bg7 4. e4 d6 5. f3 0-0 6. Be3 Nbd7 7. Nge2 c5 8. Qd2 cxd4 9. Nxd4 Ne5 10. Be2 Qc7 11. Nd5 Nxd5 12. cxd5 Nc4 13. Nb5 Nxd2 14. Nxc7 Bxb2 15. Nxa8 Nxf3+ 16. gxf3 Bxa1 17. Kf2 Bc3 18. Bxa7 Bd7 19. Nb6 Bd4+ 20. Kg2 Ba4 21. Nxa4 Bxa7 22. Rb1 b6 23. Rb2 Kg7 24. Nxb6 Rb8 25. Nc4 Rxb2 26. Nxb2 e6 27. Bc4 exd5 28. Bxd5 Kf6 29. Nc4 Ke7 30. Na5 f6 31. Nc6+ 1-0